000 00294nam a2200109Ia 4500
008 200302s9999 xx 000 0 und d
100 _aMartin Miller
245 _aStart to Finish Sheds & Gazebos Planning Building Personalizing
260 _bOrtho Books Ltd.
260 _c2003
300 _a112 P.,
999 _c1756
_d1756